| 000 | 00874nam a22002177a 4500 | ||
|---|---|---|---|
| 999 |
_c8276 _d8276 |
||
| 003 | AR-CdUCM | ||
| 008 | 190322b ||||| |||| 00| 0 spa d | ||
| 040 |
_aMUNICIPALIDAD PROVINCIAL DEL CUSCO _cBIBLIOTECA MUNICIPAL DEL CUSCO |
||
| 082 |
_a621.317 / _bP47 |
||
| 100 |
_aPettit, Joseph M. _923284 |
||
| 245 | _aCircuitos de conmutación y de tiempo / | ||
| 260 |
_aMéxico : _bHispano Americana, _c1973. |
||
| 300 |
_a297 páginas ; _c24 cm. |
||
| 505 | _aSistema de conmutación y control de tiempo -- Fundamentos de algunos circuitos -- Dispositivos electrónicos como elementos de conmutación -- Ejemplos de circuitos RC con dispositivos activos ... | ||
| 650 |
_aConmutación _923285 |
||
| 650 |
_aCircuitos eléctricos _923286 |
||
| 700 |
_aMcWorter, Malcolm M. _923287 |
||
| 710 |
_aCentro regional de ayuda técnica _910048 |
||
| 942 |
_2ddc _cLIBROS |
||
| 945 | _aacv | ||